[Event "Sachsen-Anhalt-ch Seniors 18th"]
[Site "Osterburg"]
[Date "2010.06.09"]
[Round "5"]
[White "Weigelt, Alfred"]
[Black "Haeusser, Erwin"]
[Result "1-0"]
[WhiteElo "1881"]
[BlackElo "1674"]
[PlyCount "74"]
[EventDate "2010.06.06"]
[EventType "swiss"]
[EventRounds "7"]
[EventCountry "GER"]
[SourceTitle "EXT 2013"]
[Source "ChessBase"]
[SourceDate "2012.11.22"]
[SourceVersion "1"]
[SourceVersionDate "2012.11.22"]
[SourceQuality "1"]

1. b3 Nf6 2. Bb2 c5 3. f4 Nc6 4. Nf3 b6 5. e3 e6 6. Bb5 Bb7 7. 0-0 a6 8. Bxc6 Bxc6 9. d3 Qc7 10. Nbd2 Be7 11. Ne5 Bb7 12. Ng4 h5 13. Nxf6+ gxf6 14. e4 0-0-0 15. Qe2 Rdg8 16. Rf3 Rh6 17. Rg3 Qd8 18. Rxg8 Qxg8 19. Rf1 Rg6 20. f5 Rh6 21. Nc4 b5 22. Qe3 Qg7 23. Na5 Ba8 24. b4 d6 25. Nb3 d5 26. Nxc5 Rh8 27. Nxa6 Rg8 28. Rf2 Bb7 29. Nc5 Qg4 30. Qe2 Qxe2 31. Rxe2 Bxc5+ 32. bxc5 dxe4 33. dxe4 Rg4 34. fxe6 fxe6 35. Bxf6 Rxe4 36. Rd2 Bd5 37. Kf2 Rh4 1-0

[Event "Sachsen-Anhalt-ch Seniors 18th"]
[Site "Osterburg"]
[Date "2010.06.07"]
[Round "2"]
[White "Rost, Wolfgang"]
[Black "Weigelt, Alfred"]
[Result "0-1"]
[WhiteElo "1841"]
[BlackElo "1881"]
[PlyCount "54"]
[EventDate "2010.06.06"]
[EventType "swiss"]
[EventRounds "7"]
[EventCountry "GER"]
[SourceTitle "EXT 2013"]
[Source "ChessBase"]
[SourceDate "2012.11.22"]
[SourceVersion "1"]
[SourceVersionDate "2012.11.22"]
[SourceQuality "1"]

1. d4 Nf6 2. c4 g6 3. Nc3 Bg7 4. e4 d6 5. Nge2 c6 6. Ng3 Qc7 7. Be2 e5 8. d5 c5 9. h4 h5 10. Bg5 a6 11. Qd2 Nbd7 12. 0-0 Nf8 13. f4 Ng4 14. f5 f6 15. fxg6 Nxg6 16. Bxg4 Bxg4 17. Bxf6 Nf4 18. Bg5 Bh6 19. Bxh6 Rxh6 20. Nf5 Rg6 21. Kh2 Bxf5 22. Rxf4 exf4 23. exf5 Rg4 24. Re1+ Kf7 25. g3 Re8 26. Re6 Qd8 27. Ne4 fxg3+ 0-1

[Event "Sachsen-Anhalt-ch Seniors 14th"]
[Site "Osterburg"]
[Date "2006.06.13"]
[Round "4"]
[White "Mueller, Heinz1111"]
[Black "Weigelt, Alfred"]
[Result "1/2-1/2"]
[WhiteElo "1788"]
[BlackElo "2006"]
[PlyCount "71"]
[EventDate "2006.06.10"]
[EventType "swiss"]
[EventRounds "7"]
[EventCountry "GER"]
[SourceTitle "EXT 2007"]
[Source "ChessBase"]
[SourceDate "2006.11.23"]
[SourceVersion "1"]
[SourceVersionDate "2006.11.23"]
[SourceQuality "1"]

1. d4 Nf6 2. c4 g6 3. Nc3 Bg7 4. e4 0-0 5. Nf3 d6 6. Be2 c6 7. 0-0 Qc7 8. h3 e5 9. Be3 h6 10. Qd2 Kh7 11. Rfd1 Nbd7 12. dxe5 dxe5 13. b4 Re8 14. Qc2 Nf8 15. Rd2 Ne6 16. Rad1 Nh5 17. c5 Bf8 18. Nh2 Nef4 19. Bf1 g5 20. Nb1 a5 21. a3 Be6 22. Bc4 axb4 23. axb4 Qc8 24. Bxe6 Qxe6 25. Ng4 Ra7 26. Kh2 Rea8 27. Nc3 Nf6 28. Nxf6+ Qxf6 29. Rd7 Ne6 30. g3 Be7 31. Kg2 Nf8 32. R7d2 Qe6 33. Rb1 Ra3 34. Rb2 Qc4 35. Nb1 Qxc2 36. Rdxc2 1/2-1/2

[Event "Sachsen-Anhalt-ch Seniors 14th"]
[Site "Osterburg"]
[Date "2006.06.12"]
[Round "3"]
[White "Weigelt, Alfred"]
[Black "Haeusser, Erwin"]
[Result "1-0"]
[WhiteElo "2006"]
[BlackElo "1679"]
[PlyCount "103"]
[EventDate "2006.06.10"]
[EventType "swiss"]
[EventRounds "7"]
[EventCountry "GER"]
[SourceTitle "EXT 2007"]
[Source "ChessBase"]
[SourceDate "2006.11.23"]
[SourceVersion "1"]
[SourceVersionDate "2006.11.23"]
[SourceQuality "1"]

1. b3 c5 2. Bb2 Nc6 3. f4 Nf6 4. Nf3 d6 5. e3 a6 6. Be2 g6 7. 0-0 Bg7 8. a4 b6 9. Na3 0-0 10. Qe1 Ra7 11. Qh4 Qd7 12. h3 h6 13. Nh2 Ne4 14. Bxg7 Kxg7 15. Nc4 Qd8 16. d3 Nf6 17. Bf3 Qc7 18. e4 Nd4 19. Ne3 Rh8 20. Bd1 b5 21. c3 Nc6 22. Nhg4 b4 23. Nd5 Qd8 24. Ngxf6 exf6 25. cxb4 Nxb4 26. Nxb4 cxb4 27. Qf2 Rb7 28. Rc1 Qb6 29. Qxb6 Rxb6 30. d4 Bb7 31. Bf3 Re8 32. Rfe1 Rc6 33. d5 Rxc1 34. Rxc1 Rc8 35. Rxc8 Bxc8 36. Kf2 Kf8 37. Ke3 a5 38. Be2 Ke7 39. g4 Kd8 40. h4 Kc7 41. Kd4 Kb6 42. g5 fxg5 43. fxg5 h5 44. Bb5 Bg4 45. Be8 Bd1 46. Bxf7 Bxb3 47. Bxg6 Bxa4 48. Bxh5 b3 49. g6 b2 50. g7 b1Q 51. g8Q Ka6 52. Be2+ 1-0

[Event "GER-chT Seniors 14th"]
[Site "Sottrum"]
[Date "2005.09.23"]
[Round "6"]
[White "Weigelt, Alfred"]
[Black "Papenbrock, Volker"]
[Result "0-1"]
[WhiteElo "2057"]
[BlackElo "2204"]
[PlyCount "55"]
[EventDate "2005.09.18"]
[EventType "team-swiss"]
[EventRounds "7"]
[EventCountry "GER"]
[SourceTitle "CBM 108 Extra"]
[Source "ChessBase"]
[SourceDate "2005.11.04"]
[SourceVersion "1"]
[SourceVersionDate "2005.11.04"]
[SourceQuality "1"]

1. b3 e5 2. Bb2 Nc6 3. c4 Nf6 4. Nc3 d5 5. cxd5 Nxd5 6. g3 Be6 7. Bg2 Be7 8. Nf3 Bf6 9. Ne4 Qd7 10. Nxf6+ gxf6 11. a3 0-0-0 12. Qc2 Rhg8 13. Rd1 h5 14. d4 e4 15. Nh4 f5 16. e3 Nb6 17. b4 Qd5 18. Bf1 f6 19. Ng2 Qb3 20. Rc1 Qxc2 21. Rxc2 Nd5 22. Be2 Rh8 23. Bc4 Nce7 24. b5 Kb8 25. Ke2 c6 26. a4 cxb5 27. axb5 Rc8 28. Bxd5 0-1

[Event "GER-chT Seniors 14th"]
[Site "Sottrum"]
[Date "2005.09.22"]
[Round "5"]
[White "Niebuhr, Gerd"]
[Black "Weigelt, Alfred"]
[Result "1-0"]
[WhiteElo "2059"]
[BlackElo "2057"]
[PlyCount "45"]
[EventDate "2005.09.18"]
[EventType "team-swiss"]
[EventRounds "7"]
[EventCountry "GER"]
[SourceTitle "CBM 108 Extra"]
[Source "ChessBase"]
[SourceDate "2005.11.04"]
[SourceVersion "1"]
[SourceVersionDate "2005.11.04"]
[SourceQuality "1"]

1. d4 Nf6 2. Nf3 g6 3. Bg5 Bg7 4. Nbd2 d5 5. e3 0-0 6. Bd3 c5 7. c3 Nbd7 8. h3 Re8 9. 0-0 b6 10. b4 h6 11. Bf4 c4 12. Bc2 Bb7 13. Ne5 Nf8 14. f3 N6d7 15. Qe2 Kh7 16. Nxf7 Qc8 17. Ne5 Nxe5 18. Bxe5 Bxe5 19. dxe5 Ne6 20. f4 Ng7 21. Nf3 e6 22. g4 Rf8 23. Nh4 1-0

[Event "GER-chT Seniors 14th"]
[Site "Sottrum"]
[Date "2005.09.21"]
[Round "4"]
[White "Weigelt, Alfred"]
[Black "Beckel, Friedrich A"]
[Result "1/2-1/2"]
[WhiteElo "2057"]
[BlackElo "2105"]
[PlyCount "59"]
[EventDate "2005.09.18"]
[EventType "team-swiss"]
[EventRounds "7"]
[EventCountry "GER"]
[SourceTitle "CBM 108 Extra"]
[Source "ChessBase"]
[SourceDate "2005.11.04"]
[SourceVersion "1"]
[SourceVersionDate "2005.11.04"]
[SourceQuality "1"]

1. b3 e5 2. Bb2 Nc6 3. c4 d6 4. Nc3 g6 5. e3 Bg7 6. Be2 Nge7 7. Bf3 Be6 8. Nge2 0-0 9. d4 exd4 10. Nxd4 Nxd4 11. exd4 d5 12. cxd5 Bxd5 13. Nxd5 Nxd5 14. 0-0 Re8 15. Qc2 c6 16. a3 Qb6 17. Qc4 Rad8 18. Rfe1 Rxe1+ 19. Rxe1 Bf6 20. g3 Nc7 21. Re2 Bxd4 22. Re7 Ne6 23. Bg4 Bxb2 24. Bxe6 Rf8 25. Bxf7+ Kh8 26. Kg2 Bd4 27. f3 a6 28. Bxg6 hxg6 29. Qe6 Bg7 30. Qh3+ 1/2-1/2

[Event "Sachsen-Anhalt-ch Seniors 13th "]
[Site "Osterburg"]
[Date "2005.06.14"]
[Round "5"]
[White "Weigelt, Alfred"]
[Black "Pape, Manfred"]
[Result "1-0"]
[WhiteElo "2057"]
[BlackElo "2072"]
[PlyCount "73"]
[EventDate "2005.06.10"]
[EventType "swiss"]
[EventRounds "7"]
[EventCountry "GER"]
[SourceTitle "EXT 2007"]
[Source "ChessBase"]
[SourceDate "2006.11.23"]
[SourceVersion "1"]
[SourceVersionDate "2006.11.23"]
[SourceQuality "1"]

1. b3 Nf6 2. Bb2 g6 3. f4 Bg7 4. Nf3 0-0 5. c4 d6 6. e3 Nc6 7. Be2 e5 8. fxe5 Ng4 9. 0-0 dxe5 10. h3 Nh6 11. e4 f5 12. d3 Kh8 13. Na3 Rf7 14. Qe1 Rf8 15. Nc2 Nf7 16. b4 Re8 17. b5 Nd4 18. Nfxd4 exd4 19. Qf2 Ne5 20. Bxd4 fxe4 21. dxe4 Be6 22. Rad1 Qg5 23. h4 Qe7 24. Bc5 Qf7 25. Qxf7 Bxf7 26. Ne3 Be6 27. Nd5 Rec8 28. Bd4 c6 29. Nf4 Re8 30. h5 Bf7 31. h6 Bxh6 32. Nd3 Bxc4 33. Nxe5 Be3+ 34. Bxe3 Bxe2 35. Bd4 Bxf1 36. Rxf1 h6 37. Nd7+ 1-0